01749nam a22003977a 4500003000500000005001700005008004100022010001000063011001000073035001100083040000900094090001000103100003100113245016900144260004100313300005400354502008500408590003700493590004100530590004100571590004100612590004200653650003300695650003100728650002200759650004300781650003200824901000700856905002400863942000900887949006900896949007400965999001701039952015001056952014501206CHAP20220329143237.0070731d2007    mx abd  r     00110 spa d  a93849  a94821  a105419  cCHAP  aTesis1 aCampos Rico, Felipe91813410aAnálisis económico para el establecimiento de una unidad de producción de hongos comestibles (Pleurotus sp.) en Villagran, Guanajuatoc/por Felipe Campos Rico  aChapingo, Méx. :bEl autor,c2007.  a97 h. :bilus. ; gráfs. ; mapas ; cuad. ; diag.  aTesis (Ing. Agroindustrial) -- UACH. Departamento de Ingeniería Agroindustrial  aALEPHb10c20130110lUCH01h1518  aBATCH-UPDb10c20130110lUCH01h1709  aBATCH-UPDb10c20130410lUCH01h1055  aBATCH-UPDb10c20130914lUCH01h1123  aCONVERSIONb10c20130109lUCH01h135214aCultivosxGuanajuato.93027814aHongos comestibles.95612414aPleurotus.98917314aSetasxCostos de producción.910537214aSetasxRendimiento.9105381  aBK  aMarco A. Mendoza T.  cFOLL  aTesisbBCcTESd33724002036173eTS1gDonaciØnh47014i105419sb  aTesisbBCcTESd33724002036181eTS2fc.2gDonaciØnh47015i105419si  c93849d93849  00102local4053708TESISaBCbBCcPA_TESISd2019-12-31eDonacionfTESISl0oTesisp33724002036181r2019-12-31 00:00:00tc.2w2019-12-31yTESIS  00102local4051708TESISaBCbBCcPA_TESISd2019-12-31eDonacionfTESISl0oTesisp33724002036173r2019-12-31 00:00:00w2019-12-31yTESIS